000 00638nam a2200241Ia 4500
003 OSt
005 20220924114229.0
006 a|||||r|||| 00| 0
007 ta
008 220923b |||||||| |||| 00| 0 urd d
024 _a283945
037 _cTextual
040 _aARTS
_cARTS
_burd
041 _2urd
_aurd
082 _aO168,2N34,1, M1
100 _aZiya-e-Islam
_9172518
245 0 _aChandni aur Angare
260 _aAllahabad
_bUrdu Course Books India
_c1981
300 _a120p.
_ccm.
650 _aURDU LITERATURE
942 _hO168,2N34,1, M1
_cTEXL
_2CC
999 _c392577
_d392577